[Event "Sparkassen-Open A"]
[Site "Heusenstamm, Martinsee"]
[Date "2015.11.29"]
[Round "6.74"]
[White "Firinci, Erdem"]
[Black "Paeslack, Luis"]
[Result "1/2-1/2"]
[WhiteElo "1612"]
[BlackElo "1752"]
[PlyCount "128"]
[EventDate "2015.??.??"]
[WhiteTeam "SF Heusenstamm"]
[BlackTeam "SK Mainaschaff"]

1. e4 c5 2. Nc3 Nc6 3. Nf3 g6 4. d4 cxd4 5. Nxd4 Bg7 6. Nxc6 bxc6 7. Bd3 Nf6 8.
O-O O-O 9. Be3 d5 10. exd5 cxd5 11. Bd4 Bb7 12. Re1 Nd7 13. Bxg7 Kxg7 14. Qe2
e5 15. Bb5 f6 16. Bxd7 Qxd7 17. Rad1 d4 18. Ne4 Qd5 19. c4 Qc6 20. f3 Rfd8 21.
Qd3 Qc7 22. b4 Bxe4 23. fxe4 Rdc8 24. c5 a5 25. a3 axb4 26. axb4 Rcb8 27. Rb1
Ra4 28. Qd2 Qc6 29. Rb3 Qb5 30. Reb1 Rba8 31. Qd3 Qc6 32. Qc2 Ra2 33. R3b2 Rxb2
34. Rxb2 Rb8 35. Qd3 Rc8 36. Ra2 Qb7 37. Ra4 h5 38. h3 Rc7 39. h4 Rc8 40. Kf2
g5 41. hxg5 fxg5 42. Kg1 Qd7 43. Ra6 Rc6 44. Qb5 Rc7 45. Qxd7+ Rxd7 46. Kf1 Rb7
47. Rb6 Rc7 48. c6 Kf6 49. b5 Ke6 50. Rb8 Kd6 51. Rd8+ Ke7 52. Rg8 g4 53. Rh8
Kd6 54. Rxh5 Re7 55. Rh8 Kc7 56. Ke2 Kb6 57. Rb8+ Kc7 58. Rb7+ Kd8 59. Rxe7
Kxe7 60. b6 Kd6 61. c7 Kd7 62. Kd3 Kc8 63. g3 Kb7 64. Kc4 Kc8 1/2-1/2

[Event "Sparkassen-Open A"]
[Site "Heusenstamm, Martinsee"]
[Date "2015.11.29"]
[Round "6.75"]
[White "Kabakci, Cem"]
[Black "Reichel, Günther"]
[Result "0-1"]
[WhiteElo "1496"]
[BlackElo "1745"]
[PlyCount "78"]
[EventDate "2015.??.??"]
[WhiteTeam "SK Handschuhsheim"]
[BlackTeam "SC-SF Stockstadt"]

1. e4 c5 2. Nf3 d6 3. d4 cxd4 4. Nxd4 Nf6 5. Nc3 g6 6. Be3 Bg7 7. h3 O-O 8. Qd2
Bd7 9. Bh6 Nc6 10. Bxg7 Kxg7 11. g4 Qb6 12. Nde2 Rfc8 13. f4 Na5 14. e5 Ne8 15.
b3 Bc6 16. Rg1 dxe5 17. fxe5 Bf3 18. Rg3 Bxe2 19. Bxe2 Rd8 20. Bd3 Nc6 21. Qe3
Qb4 22. Bc4 Qa5 23. e6 f6 24. h4 Rd4 25. Rd1 Rad8 26. Rxd4 Nxd4 27. Qf2 Qe5+
28. Kf1 Nxc2 29. Nd5 b5 30. Bxb5 Rxd5 31. Bxe8 Qa1+ 32. Kg2 Qxa2 33. Kh3 Qb1
34. Rg1 Qxb3+ 35. Kh2 Qc3 36. Qxa7 Rd2+ 37. Rg2 Qe5+ 38. Kh3 Rd3+ 39. Rg3 Qxg3#
0-1

[Event "Sparkassen-Open A"]
[Site "Heusenstamm, Martinsee"]
[Date "2015.11.29"]
[Round "6.76"]
[White "Miller, Justin"]
[Black "Christen, Stefan"]
[Result "0-1"]
[WhiteElo "1736"]
[BlackElo "1820"]
[PlyCount "78"]
[EventDate "2015.??.??"]
[WhiteTeam "Sfr. Kelkheim"]
[BlackTeam "SV Wesel"]

1. e4 d5 2. exd5 Qxd5 3. Nc3 Qd6 4. d4 Nf6 5. Bc4 a6 6. Nge2 b5 7. Bb3 Bb7 8.
Bf4 Qb6 9. O-O e6 10. a4 b4 11. a5 Qa7 12. Bxc7 Bxg2 13. Kxg2 Qxc7 14. Na4 Nbd7
15. Re1 Bd6 16. Ng3 O-O 17. Qd3 Qxa5 18. Nc3 Qc7 19. Nce4 Nxe4 20. Nxe4 a5 21.
Ng5 Nf6 22. c3 h6 23. Ne4 Qe7 24. Bc2 Nxe4 25. Rxe4 Qg5+ 26. Kf1 g6 27. h4 Qh5
28. c4 Rfd8 29. Rae1 Bf8 30. Rf4 Bg7 31. Qe3 a4 32. Bd1 Qa5 33. Bg4 Qc7 34.
Rxf7 Qxc4+ 35. Kg1 Qxd4 36. Qxe6 Rd6 37. Rd7+ Rxe6 38. Bxe6+ Kh8 39. Rd1 Qf6
0-1

[Event "Sparkassen-Open A"]
[Site "Heusenstamm, Martinsee"]
[Date "2015.11.29"]
[Round "6.77"]
[White "Midanka, Vladimir"]
[Black "Held, Maurice"]
[Result "1-0"]
[WhiteElo "1700"]
[BlackElo "1804"]
[PlyCount "79"]
[EventDate "2015.??.??"]
[WhiteTeam "vereinslos"]
[BlackTeam "SC Ladja Roßdorf"]

1. Nf3 g6 2. d4 Bg7 3. c4 c5 4. d5 d6 5. e4 Bg4 6. Be2 Bxf3 7. Bxf3 Nf6 8. O-O
O-O 9. Nc3 Nbd7 10. Be2 a6 11. Qd3 Rb8 12. Qh3 Re8 13. f4 Qa5 14. g4 Red8 15.
g5 Ne8 16. Rf3 b5 17. Qh4 bxc4 18. Bxc4 Qb4 19. Bxa6 c4 20. a4 Qb6+ 21. Kg2
Qxa6 22. Ra3 Nc7 23. Rh3 Nf8 24. f5 Re8 25. f6 Bh8 26. Rf3 Qc8 27. Ne2 e6 28.
Nc3 exd5 29. exd5 Qd7 30. Qxc4 Rbc8 31. Be3 Re5 32. Qd4 Rce8 33. b4 Nfe6 34.
dxe6 Nxe6 35. Qg4 Qb7 36. Kg3 d5 37. Nb5 Re4 38. Bf4 Nxf4 39. Rxf4 Qb8 40. Kf3
1-0

[Event "Sparkassen-Open A"]
[Site "Heusenstamm, Martinsee"]
[Date "2015.11.29"]
[Round "6.78"]
[White "Saluvar, Bülent"]
[Black "Illenberger, Dirk"]
[Result "1/2-1/2"]
[WhiteElo "1799"]
[BlackElo "1746"]
[PlyCount "50"]
[EventDate "2015.??.??"]
[WhiteTeam "SC Münster"]
[BlackTeam "FV Berkersheim"]

1. e4 c5 2. Nf3 g6 3. Bc4 Bg7 4. Nc3 Nc6 5. a3 d6 6. O-O Nf6 7. d4 cxd4 8. Nxd4
O-O 9. Nde2 a6 10. Ba2 b5 11. f3 Qb6+ 12. Kh1 Bb7 13. Nd5 Nxd5 14. exd5 Ne5 15.
Ng3 Rac8 16. c3 Nc4 17. Qe2 Rfe8 18. Rd1 Qc5 19. Bxc4 Qxc4 20. Qxc4 Rxc4 21.
Be3 Rec8 22. Rd2 Kf8 23. Kg1 Ke8 24. Ne2 Kd7 25. Nc1 a5 1/2-1/2

[Event "Sparkassen-Open A"]
[Site "Heusenstamm, Martinsee"]
[Date "2015.11.29"]
[Round "6.79"]
[White "Füssel, Jan Michael"]
[Black "Schwarz, Matthias"]
[Result "0-1"]
[WhiteElo "1788"]
[BlackElo "1641"]
[PlyCount "70"]
[EventDate "2015.??.??"]
[WhiteTeam "VSG Offenbach"]
[BlackTeam "SG Idstein"]

1. b3 e5 2. Bb2 Nc6 3. e3 d5 4. Bb5 Bd6 5. f4 Qe7 6. Nf3 Bg4 7. fxe5 Bxe5 8.
Bxe5 Bxf3 9. Qxf3 Qxe5 10. Nc3 Nf6 11. O-O O-O 12. Bxc6 bxc6 13. Qf4 Rfe8 14.
Rae1 Qd6 15. e4 dxe4 16. Nxe4 Qd4+ 17. Kh1 Rxe4 18. Rxe4 Qxe4 19. Qxc7 Re8 20.
h3 Qxc2 21. Qxa7 Qxd2 22. a4 Qd3 23. Rf3 Re1+ 24. Kh2 Qd6+ 25. Rg3 h6 26. Qf2
Rd1 27. Qf3 Rd4 28. Qf5 Rd5 29. Qf3 Rg5 30. h4 Rh5 31. Kg1 Qc5+ 32. Qe3 Qd5 33.
Qd3 Rxh4 34. Qf3 Qd4+ 35. Qe3 Qd1+ 0-1

[Event "Sparkassen-Open A"]
[Site "Heusenstamm, Martinsee"]
[Date "2015.11.29"]
[Round "6.80"]
[White "Laufenburg, Frank"]
[Black "Masoudi, Kian"]
[Result "1-0"]
[WhiteElo "1768"]
[BlackElo "1568"]
[PlyCount "89"]
[EventDate "2015.??.??"]
[WhiteTeam "SC Bergen-Enkheim"]
[BlackTeam "SC Bergen-Enkheim"]

1. Nf3 Nf6 2. d4 g6 3. Bf4 c5 4. c3 b6 5. e3 d6 6. Bb5+ Bd7 7. Bxd7+ Nbxd7 8.
h3 Bg7 9. O-O O-O 10. Nbd2 Re8 11. Qe2 Nh5 12. Bh2 e5 13. dxe5 dxe5 14. Ne4 Qe7
15. Rad1 Rab8 16. a4 f5 17. Qc4+ Kh8 18. Neg5 Bf6 19. Nf7+ Kg7 20. Nd6 Rf8 21.
Nb5 Kh8 22. Nxa7 Rb7 23. Nb5 e4 24. Ne1 Be5 25. Bxe5+ Nxe5 26. Qe2 f4 27. exf4
Nxf4 28. Qc2 Qg5 29. Qxe4 Nxh3+ 30. Kh2 Nf4 31. g3 Qh6+ 32. Kg1 Nh3+ 33. Kg2
Re7 34. Qh4 Nf4+ 35. Kh1 Nh5 36. Kg1 Ref7 37. Rd8 Rxd8 38. Qxd8+ Rf8 39. Qe7
Ng4 40. Qd6 Nf4 41. Qxf8+ Qxf8 42. gxf4 Qxf4 43. Kg2 Qe4+ 44. Kg3 Qd3+ 45. Nxd3
1-0

[Event "Sparkassen-Open A"]
[Site "Heusenstamm, Martinsee"]
[Date "2015.11.29"]
[Round "6.81"]
[White "Fischer, Lutz"]
[Black "Wilk, David"]
[Result "1-0"]
[WhiteElo "1729"]
[BlackElo "1668"]
[PlyCount "43"]
[EventDate "2015.??.??"]
[WhiteTeam "SF Frankfurt"]
[BlackTeam "SF Mainz"]

1. e4 e5 2. f4 exf4 3. Nf3 Nf6 4. e5 Nd5 5. c4 Nb6 6. d4 Be7 7. Bxf4 O-O 8. Be2
f6 9. O-O fxe5 10. Bxe5 d6 11. Bg3 Bg4 12. Nc3 Kh8 13. b3 Bf6 14. Ne4 N8d7 15.
Nxf6 Nxf6 16. Qc2 Nbd7 17. Rae1 Nh5 18. Bh4 Nhf6 19. Bd3 h6 20. Bg6 Rg8 21. Nd2
Rf8 22. h3 1-0

[Event "Sparkassen-Open A"]
[Site "Heusenstamm, Martinsee"]
[Date "2015.11.29"]
[Round "6.82"]
[White "van Foreest, Machteld"]
[Black "Kornilov, Alexander"]
[Result "1/2-1/2"]
[WhiteElo "1592"]
[BlackElo "1653"]
[PlyCount "57"]
[EventDate "2015.??.??"]
[WhiteTeam "Schaakclub Haren"]
[BlackTeam "SC Butzbach"]

1. e4 c5 2. Nf3 Nc6 3. d4 cxd4 4. Nxd4 e6 5. Nc3 Nf6 6. Bg5 h6 7. Be3 Bb4 8.
Nxc6 bxc6 9. Bd3 d5 10. exd5 cxd5 11. Bb5+ Bd7 12. Bxd7+ Qxd7 13. Qd4 Bxc3+ 14.
Qxc3 O-O 15. O-O Rfc8 16. Qd3 Qc6 17. c3 Qc4 18. Qxc4 Rxc4 19. Bd4 a6 20. f3
Kf8 21. g4 Ne8 22. b3 Rc6 23. a4 f6 24. f4 Nd6 25. b4 Kf7 26. Rfb1 Rc4 27. Ra3
Kg6 28. Rab3 Ne4 29. R1b2 1/2-1/2

[Event "Sparkassen-Open A"]
[Site "Heusenstamm, Martinsee"]
[Date "2015.11.29"]
[Round "7.1"]
[White "Sadzikowski, Daniel"]
[Black "Kveinys, Aloyzas"]
[Result "1/2-1/2"]
[WhiteElo "2510"]
[BlackElo "2485"]
[PlyCount "73"]
[EventDate "2015.??.??"]
[WhiteTeam "SC Heusenstamm"]
[BlackTeam "Vilnius"]

1. e4 c5 2. Nf3 e6 3. d4 cxd4 4. Nxd4 a6 5. c4 Nf6 6. Nc3 Qc7 7. a3 b6 8. Be3
Bb7 9. f3 Be7 10. Be2 O-O 11. Rc1 d6 12. O-O Nbd7 13. Qd2 Rac8 14. b4 Rfe8 15.
Rc2 Qb8 16. Kh1 Bd8 17. Rb1 h5 18. Na4 Ne5 19. c5 b5 20. Nb2 h4 21. cxd6 Qxd6
22. Rxc8 Bxc8 23. Nb3 Qb8 24. Qd4 Bb7 25. Qa7 Qxa7 26. Bxa7 h3 27. Kg1 hxg2 28.
Be3 Nfd7 29. Rd1 g5 30. h4 gxh4 31. f4 Bxe4 32. fxe5 Nxe5 33. Nc5 Bd5 34. Nbd3
Nc4 35. Bc1 Bc7 36. Nf4 h3 37. Bg4 1/2-1/2

[Event "Sparkassen-Open A"]
[Site "Heusenstamm, Martinsee"]
[Date "2015.11.29"]
[Round "7.2"]
[White "Landa, Konstantin"]
[Black "Zeller, Frank"]
[Result "1-0"]
[WhiteElo "2625"]
[BlackElo "2392"]
[PlyCount "79"]
[EventDate "2015.??.??"]
[WhiteTeam "SV Mülheim-Nord"]
[BlackTeam "SK Schwäbisch Hall"]

1. Nf3 Nf6 2. c4 c5 3. d4 e6 4. Nc3 cxd4 5. Nxd4 Nc6 6. g3 Qb6 7. Nb3 Ne5 8. e4
Bb4 9. Qe2 d6 10. f4 Nc6 11. Bg2 e5 12. Bd2 O-O 13. Nd5 Nxd5 14. cxd5 Nd4 15.
Nxd4 Qxd4 16. Bxb4 Qxb4+ 17. Qd2 Qb6 18. Qf2 Qb4+ 19. Qd2 Qb6 20. O-O-O f6 21.
f5 Bd7 22. Kb1 Rac8 23. Rc1 Bb5 24. Rhe1 a5 25. Bf1 Bd7 26. a3 Kf7 27. Ka2 Ke7
28. g4 h6 29. h4 Rh8 30. g5 hxg5 31. hxg5 Rxc1 32. Rxc1 Rh5 33. gxf6+ Kxf6 34.
Bd3 a4 35. Bb1 Rh3 36. Ka1 Qd4 37. Qg2 Rxa3+ 38. Ba2 Be8 39. Rg1 g5 40. Qxg5+
1-0

[Event "Sparkassen-Open A"]
[Site "Heusenstamm, Martinsee"]
[Date "2015.11.29"]
[Round "7.3"]
[White "Sumets, Andrey"]
[Black "Henrich, Thomas"]
[Result "1-0"]
[WhiteElo "2583"]
[BlackElo "2192"]
[PlyCount "81"]
[EventDate "2015.??.??"]
[WhiteTeam "SF Lilienthal"]
[BlackTeam "SK Marburg"]

1. d4 Nf6 2. c4 e6 3. g3 c5 4. Nf3 d5 5. Bg2 Nc6 6. O-O Be7 7. dxc5 Bxc5 8. a3
dxc4 9. Qxd8+ Nxd8 10. Ne5 Bd7 11. Nd2 Rc8 12. Ndxc4 Bb5 13. b3 O-O 14. Bb2 Nc6
15. Nd3 Bxc4 16. Nxc5 Bxe2 17. Rfe1 Bh5 18. Bxf6 gxf6 19. Nd7 Nd4 20. Nxf6+ Kh8
21. Nxh5 Nc2 22. b4 Nxe1 23. Rxe1 b6 24. Re3 Rc1+ 25. Bf1 Rfc8 26. Rd3 R1c3 27.
Rd7 R3c7 28. Rd4 a5 29. Ba6 Ra8 30. Bb5 h6 31. g4 axb4 32. axb4 Kg8 33. Rd6
Rc1+ 34. Kg2 Rb1 35. Bc6 Rb8 36. b5 Rb4 37. h3 Kf8 38. Rd7 Rc4 39. Nf6 Rf4 40.
Ne4 Kg7 41. Kg3 1-0

[Event "Sparkassen-Open A"]
[Site "Heusenstamm, Martinsee"]
[Date "2015.11.29"]
[Round "7.4"]
[White "Thinius, Marco"]
[Black "Wieczorek, Oskar"]
[Result "1/2-1/2"]
[WhiteElo "2328"]
[BlackElo "2428"]
[PlyCount "64"]
[EventDate "2015.??.??"]
[WhiteTeam "SV Empor Berlin"]
[BlackTeam "SC Heusenstamm"]

1. Nf3 d5 2. c4 e6 3. g3 Nf6 4. Bg2 Be7 5. O-O O-O 6. b3 d4 7. e3 c5 8. exd4
cxd4 9. d3 Nc6 10. Bg5 e5 11. a3 a5 12. Re1 Qc7 13. Nbd2 Re8 14. Qc2 h6 15.
Bxf6 Bxf6 16. c5 Be7 17. Re2 Bf8 18. Rae1 Bf5 19. Nc4 e4 20. dxe4 Bh7 21. Nb2
b6 22. Nd3 bxc5 23. Nd2 a4 24. bxa4 Na5 25. Rc1 Rac8 26. Nc4 Nxc4 27. Qxc4 Bf5
28. Rec2 Bxe4 29. Bxe4 Rxe4 30. Qd5 Qe7 31. Rxc5 Rxc5 32. Rxc5 Re1+ 1/2-1/2

[Event "Sparkassen-Open A"]
[Site "Heusenstamm, Martinsee"]
[Date "2015.11.29"]
[Round "7.5"]
[White "van Foreest, Jorden"]
[Black "Schmitzer, Klaus"]
[Result "1-0"]
[WhiteElo "2546"]
[BlackElo "2285"]
[PlyCount "111"]
[EventDate "2015.??.??"]
[WhiteTeam "SK Turm Emsdetten"]
[BlackTeam "Bad Vilbeler Sfr"]

1. e4 c6 2. d4 d5 3. e5 Bf5 4. Nf3 e6 5. Be2 Nd7 6. O-O Bg6 7. Nbd2 Nh6 8. Nb3
Be7 9. Bd2 O-O 10. Ne1 c5 11. Nxc5 Nxc5 12. dxc5 Bxc5 13. Nd3 Bb6 14. Nf4 Qc7
15. Nxg6 fxg6 16. c4 Qxe5 17. cxd5 exd5 18. Bf3 Rad8 19. Bb4 Rf5 20. Qb3 Bc7
21. g3 Bb6 22. Rae1 Qd4 23. Be7 Rd7 24. Re4 Rxe7 25. Rxe7 Kf8 26. Rxb7 Nf7 27.
Rb8+ Ke7 28. Re1+ Kf6 29. Re2 g5 30. Qc2 g4 31. Rd2 Qxd2 32. Qxd2 Rxf3 33. Qxd5
Bxf2+ 34. Kg2 Bb6 35. Qd2 g6 36. Re8 Rf5 37. Re2 Kg7 38. b4 Ng5 39. a4 Nf3 40.
Qd7+ Kh6 41. Re7 Kg5 42. Qd1 h6 43. a5 Bd4 44. Re4 Bc3 45. Qd6 h5 46. Qe7+ Kh6
47. Qxa7 Bf6 48. Rf4 Bd4 49. Rxd4 Ne1+ 50. Kg1 Nf3+ 51. Kh1 Re5 52. Rf4 Re2 53.
Rxf3 gxf3 54. Kg1 Kg5 55. Qf2 Kg4 56. Qd4+ 1-0

[Event "Sparkassen-Open A"]
[Site "Heusenstamm, Martinsee"]
[Date "2015.11.29"]
[Round "7.6"]
[White "Künstler, Christian"]
[Black "Feller, Sebastien"]
[Result "0-1"]
[WhiteElo "2223"]
[BlackElo "2622"]
[PlyCount "80"]
[EventDate "2015.??.??"]
[WhiteTeam "SF Neuberg"]
[BlackTeam "Thionville"]

1. d4 Nf6 2. Nf3 g6 3. c4 Bg7 4. Nc3 d5 5. Bg5 Ne4 6. cxd5 Nxg5 7. Nxg5 e6 8.
Nf3 exd5 9. e3 O-O 10. b4 Qd6 11. Qb3 Be6 12. Rc1 Nc6 13. a3 a5 14. b5 a4 15.
Nxa4 Na5 16. Qc2 Qxa3 17. Nc5 Bf5 18. Qc3 Qxc3+ 19. Rxc3 b6 20. Na6 c5 21. Bd3
Bg4 22. Ne5 Bxe5 23. dxe5 Rad8 24. O-O d4 25. exd4 Rxd4 26. f3 Be6 27. Ra1 Rfd8
28. Be2 Rd2 29. Bf1 Nb3 30. Rb1 Nd4 31. Ra3 Ne2+ 32. Kh1 Rd1 33. Raa1 Rxb1 34.
Rxb1 Nc3 35. Rc1 Na2 36. Ra1 Rd2 37. Nc7 Bb3 38. Na8 c4 39. Nxb6 c3 40. Nc4
Bxc4 0-1

[Event "Sparkassen-Open A"]
[Site "Heusenstamm, Martinsee"]
[Date "2015.11.29"]
[Round "7.7"]
[White "Meyner, Hannes"]
[Black "Borovikov, Vladislav"]
[Result "1/2-1/2"]
[WhiteElo "2202"]
[BlackElo "2564"]
[PlyCount "107"]
[EventDate "2015.??.??"]
[WhiteTeam "Kasseler SK"]
[BlackTeam "SC Siegburg"]

1. d4 d5 2. c4 c6 3. Nf3 Nf6 4. e3 a6 5. Nc3 b5 6. b3 Bg4 7. Be2 e6 8. h3 Bh5
9. g4 Bg6 10. Ne5 Bb4 11. Bd2 Bxc3 12. Bxc3 Ne4 13. Bb2 Nd7 14. h4 Nxe5 15.
dxe5 h6 16. cxd5 cxd5 17. a4 Qa5+ 18. Kf1 b4 19. Bd3 Nc3 20. Bxc3 Bxd3+ 21.
Qxd3 bxc3 22. Rc1 Rc8 23. Qd4 c2 24. f4 Qc3 25. Qxc3 Rxc3 26. Rh2 Rxe3 27.
Rhxc2 O-O 28. Rc3 Re4 29. Rf3 f6 30. Rc6 fxe5 31. Rxe6 Rexf4 32. Rxf4 Rxf4+ 33.
Ke2 Rxg4 34. Rxa6 Rb4 35. Ra5 Rxb3 36. Rxd5 Rb4 37. h5 Rxa4 38. Rxe5 Rf4 39.
Ke3 Rf1 40. Ke2 Rf6 41. Ke3 Kf7 42. Ra5 Rf1 43. Ke4 Kf6 44. Ra6+ Kg5 45. Rg6+
Kxh5 46. Rxg7 Kh4 47. Ke3 h5 48. Ke2 Rf5 49. Rg2 Kh3 50. Rf2 Re5+ 51. Kf1 h4
52. Kg1 Re1+ 53. Rf1 Rxf1+ 54. Kxf1 1/2-1/2

[Event "Sparkassen-Open A"]
[Site "Heusenstamm, Martinsee"]
[Date "2015.11.29"]
[Round "7.8"]
[White "van Foreest, Lucas"]
[Black "Zubarev, Alexander"]
[Result "0-1"]
[WhiteElo "2299"]
[BlackElo "2540"]
[PlyCount "108"]
[EventDate "2015.??.??"]
[WhiteTeam "SK Turm Emsdetten"]
[BlackTeam "SC Siegburg"]

1. e4 g6 2. c3 d6 3. d4 Nf6 4. Bd3 Bg7 5. Nf3 O-O 6. O-O c5 7. h3 cxd4 8. cxd4
Nc6 9. Nc3 e5 10. dxe5 dxe5 11. Bc4 Be6 12. Bxe6 fxe6 13. Qxd8 Raxd8 14. Bg5 h6
15. Be3 Nh5 16. Rad1 Nd4 17. Nd2 b6 18. Nb3 Nf4 19. Rd2 g5 20. Rfd1 Nfe2+ 21.
Nxe2 Nxe2+ 22. Kf1 Rxd2 23. Rxd2 Ng3+ 24. Ke1 Nxe4 25. Rd7 Rf7 26. Rd8+ Rf8 27.
Rd7 Rf7 28. Rd8+ Kh7 29. Re8 Nd6 30. Rxe6 Nc4 31. Bc1 Rc7 32. Kd1 Kg8 33. Re8+
Kf7 34. Rd8 Bf6 35. Ra8 e4 36. Nd2 Nxd2 37. Bxd2 Bxb2 38. h4 gxh4 39. Bxh6 Bd4
40. Bf4 Rd7 41. Ke2 Ke6 42. Bg5 Rc7 43. Re8+ Kf5 44. Bxh4 Rc2+ 45. Kd1 Rxa2 46.
g4+ Kf4 47. g5 Bxf2 48. Rf8+ Ke3 49. g6 Bxh4 50. g7 Kd3 51. Rc8 e3 52. Kc1 Ra1+
53. Kb2 Bf6+ 54. Kb3 Rb1+ 0-1

[Event "Sparkassen-Open A"]
[Site "Heusenstamm, Martinsee"]
[Date "2015.11.29"]
[Round "7.9"]
[White "Barski, Radoslaw"]
[Black "Spiegel, Stefan"]
[Result "1-0"]
[WhiteElo "2336"]
[BlackElo "2137"]
[PlyCount "69"]
[EventDate "2015.??.??"]
[WhiteTeam "SC Heusenstamm"]
[BlackTeam "SC Viernheim"]

1. e4 Nf6 2. e5 Nd5 3. d4 Nb6 4. c4 d6 5. exd6 cxd6 6. Nc3 g6 7. Be3 Bg7 8. Be2
O-O 9. h3 Nc6 10. Nf3 Bf5 11. O-O d5 12. c5 Nc4 13. Bc1 b6 14. cxb6 Nxb6 15.
Bf4 Be4 16. Ne5 Nxe5 17. dxe5 Bf5 18. Qd4 Be6 19. Rfd1 Qc7 20. Rac1 Qb7 21. b3
Rfd8 22. Bf3 Rd7 23. a4 Rad8 24. a5 Na8 25. Na4 Rc7 26. Nc5 Qc8 27. b4 h6 28.
b5 g5 29. Be3 Bf5 30. Be2 f6 31. e6 Bxe6 32. Nxe6 Rxc1 33. Nxd8 Rxd1+ 34. Bxd1
Qxd8 35. Qxa7 1-0

[Event "Sparkassen-Open A"]
[Site "Heusenstamm, Martinsee"]
[Date "2015.11.29"]
[Round "7.10"]
[White "Schwarz, Dusan"]
[Black "Mager, Denis"]
[Result "1/2-1/2"]
[WhiteElo "2315"]
[BlackElo "2232"]
[PlyCount "49"]
[EventDate "2015.??.??"]
[WhiteTeam "Sk Doprastav Bratislava"]
[BlackTeam "TuS Makkabi"]

1. d4 d5 2. c4 c6 3. Nf3 Nf6 4. Nc3 dxc4 5. a4 e6 6. e3 c5 7. Bxc4 Nc6 8. O-O
cxd4 9. exd4 Be7 10. Re1 O-O 11. Bg5 Nd5 12. Bxe7 Ncxe7 13. Qd3 Bd7 14. Ne5 Rc8
15. Ne4 Nb4 16. Qd2 Ned5 17. Ra3 Bc6 18. Rg3 Qe7 19. Nd6 Rc7 20. Nf5 exf5 21.
Nxc6 Qd6 22. Nxb4 Rxc4 23. Nxd5 Qxd5 24. Rxg7+ Kxg7 25. Qg5+ 1/2-1/2

[Event "Sparkassen-Open A"]
[Site "Heusenstamm, Martinsee"]
[Date "2015.11.29"]
[Round "7.11"]
[White "Neukirchner, Pascal"]
[Black "Keller, Peter"]
[Result "0-1"]
[WhiteElo "1910"]
[BlackElo "2304"]
[PlyCount "52"]
[EventDate "2015.??.??"]
[WhiteTeam "SK Gründau"]
[BlackTeam "Frankfurter TV"]

1. Nf3 d5 2. d4 Nf6 3. Bf4 c5 4. c3 Qb6 5. Qb3 c4 6. Qxb6 axb6 7. Na3 Nc6 8.
Nb5 Ra5 9. a4 e6 10. Bc7 Nd7 11. e4 Na7 12. Nxa7 Rxa7 13. exd5 exd5 14. Be2 b5
15. O-O b6 16. Bg3 bxa4 17. Rfe1 Be7 18. Bd1 b5 19. Bd6 Nf6 20. Ne5 Bxd6 21.
Ng6+ Be6 22. Nxh8 Kf8 23. g4 Kg8 24. g5 Ne4 25. f3 Nxg5 26. Nxf7 Kxf7 0-1

[Event "Sparkassen-Open A"]
[Site "Heusenstamm, Martinsee"]
[Date "2015.11.29"]
[Round "7.12"]
[White "Hilzinger, Markus"]
[Black "Engel, Berthold"]
[Result "1-0"]
[WhiteElo "2100"]
[BlackElo "2207"]
[PlyCount "117"]
[EventDate "2015.??.??"]
[WhiteTeam "SC Pforzheim"]
[BlackTeam "BG Buchen"]

1. c4 e5 2. Nc3 Bb4 3. Nf3 Bxc3 4. bxc3 Qe7 5. e4 d6 6. g3 Nf6 7. Qc2 O-O 8.
Bg2 Nbd7 9. O-O Nc5 10. d3 Ne8 11. Ba3 Na6 12. Rfe1 c5 13. Qd2 b6 14. Nh4 g6
15. f4 f6 16. Rf1 Ng7 17. Rf2 Bd7 18. Raf1 Rad8 19. f5 g5 20. Nf3 Qf7 21. h3
Nc7 22. Nh2 Nge8 23. Bf3 Bc6 24. h4 gxh4 25. gxh4 Kh8 26. Rg2 Rg8 27. Rff2 Rd7
28. Ng4 Qf8 29. Bc1 h5 30. Nh6 Rxg2+ 31. Rxg2 Ng7 32. Qe2 b5 33. Bxh5 bxc4 34.
dxc4 Nxh5 35. Qxh5 Rh7 36. Qd1 Rg7 37. Ng4 Bxe4 38. Qd2 Bxg2 39. Qh6+ Kg8 40.
Nxf6+ Kf7 41. Bg5 Bf3 42. Kf2 Qc8 43. Kxf3 Qxf5+ 44. Ke3 Ne6 45. Ne4 Qh3+ 46.
Kf2 Qh2+ 47. Ke3 Qg1+ 48. Kd2 Qg4 49. Ke3 Nxg5 50. Nxg5+ Kg8 51. Qxd6 Qf4+ 52.
Ke2 Qxc4+ 53. Kd1 Qf1+ 54. Kd2 Qf4+ 55. Ke2 Qg4+ 56. Ke3 Qc8 57. Qd5+ Kh8 58.
Qxe5 Qc7 59. Qe8+ 1-0

[Event "Sparkassen-Open A"]
[Site "Heusenstamm, Martinsee"]
[Date "2015.11.29"]
[Round "7.13"]
[White "Milov, Leonid"]
[Black "Busch, Lorenz"]
[Result "1-0"]
[WhiteElo "2471"]
[BlackElo "2095"]
[PlyCount "53"]
[EventDate "2015.??.??"]
[WhiteTeam "SC Noris-Tarrasch Nürnberg"]
[BlackTeam "SC Herxheim"]

1. e4 e6 2. Nf3 d5 3. Nc3 Nf6 4. e5 Nfd7 5. d4 c5 6. Ne2 cxd4 7. Nexd4 Nc6 8.
Bf4 Be7 9. Qd2 a6 10. c3 Qc7 11. Qe3 Nc5 12. Be2 Bd7 13. O-O O-O 14. Rac1 b5
15. Rfe1 Na4 16. b3 Nb6 17. Bd3 Qb7 18. Ng5 Bxg5 19. Bxg5 Nxd4 20. Qxd4 Bc6 21.
Qh4 h6 22. Bxh6 gxh6 23. Qxh6 f6 24. exf6 Rf7 25. Re3 Rh7 26. f7+ Qxf7 27.
Bxh7+ 1-0

[Event "Sparkassen-Open A"]
[Site "Heusenstamm, Martinsee"]
[Date "2015.11.29"]
[Round "7.14"]
[White "Budzyn, Matthias"]
[Black "Kolker, Vladislav"]
[Result "1/2-1/2"]
[WhiteElo "2164"]
[BlackElo "2029"]
[PlyCount "38"]
[EventDate "2015.??.??"]
[WhiteTeam "SG Turm Kiel"]
[BlackTeam "SC Bad Nauheim"]

1. e4 e5 2. Nf3 Nc6 3. Bb5 f5 4. d3 fxe4 5. dxe4 Nf6 6. Nc3 Bc5 7. O-O d6 8.
Qd3 O-O 9. Bxc6 bxc6 10. b4 Bb6 11. Qc4+ Kh8 12. Qxc6 Rb8 13. Qc4 Qe8 14. Nd5
Be6 15. Ng5 Bg8 16. Qd3 h6 17. Nxf6 Rxf6 18. Nf3 Qg6 19. Kh1 Bh7 1/2-1/2

[Event "Sparkassen-Open A"]
[Site "Heusenstamm, Martinsee"]
[Date "2015.11.29"]
[Round "7.15"]
[White "Hahn, Florian"]
[Black "Von Auer, Ulrich"]
[Result "0-1"]
[WhiteElo "2149"]
[BlackElo "2014"]
[PlyCount "76"]
[EventDate "2015.??.??"]
[WhiteTeam "SC Herborn"]
[BlackTeam "SF Frankfurt"]

1. Nf3 Nf6 2. c4 g6 3. Nc3 d5 4. d4 Bg7 5. Bf4 O-O 6. e3 c5 7. dxc5 Qa5 8. Rc1
dxc4 9. Bxc4 Qxc5 10. Bb3 Qa5 11. O-O Nc6 12. h3 Bf5 13. Ng5 Rad8 14. Bxf7+
Rxf7 15. Qb3 e6 16. Nxf7 Kxf7 17. Qxb7+ Ne7 18. e4 Rd7 19. Qa8 Rd8 20. Bb8 Qb4
21. exf5 gxf5 22. Qxa7 Rxb8 23. Qa4 Qb7 24. Rfd1 Bh6 25. Rc2 Rg8 26. g3 Qf3 27.
Qc4 Be3 28. Kf1 Ne4 29. Nxe4 Qxd1+ 30. Kg2 fxe4 31. Qxe4 Qd5 32. Kf3 Bb6 33. b4
Qxe4+ 34. Kxe4 Rc8 35. Rb2 Nd5 36. Ke5 Rc4 37. Kd6 Bc7+ 38. Kd7 Nb6# 0-1

[Event "Sparkassen-Open A"]
[Site "Heusenstamm, Martinsee"]
[Date "2015.11.29"]
[Round "7.17"]
[White "Kagan, Dennis"]
[Black "Benninger, Rudolf"]
[Result "1-0"]
[WhiteElo "2009"]
[BlackElo "2119"]
[PlyCount "138"]
[EventDate "2015.??.??"]
[WhiteTeam "SG Porz"]
[BlackTeam "SC Heusenstamm"]

1. e4 g6 2. d4 Bg7 3. Be3 c5 4. c3 cxd4 5. cxd4 d5 6. e5 Nc6 7. Nf3 Bg4 8. Be2
Nh6 9. Qd2 Nf5 10. Nc3 e6 11. Rd1 O-O 12. O-O f6 13. exf6 Qxf6 14. Ne1 Bxe2 15.
Nxe2 Rac8 16. Bg5 Qf7 17. Nf3 h6 18. Be3 Kh7 19. a3 Nd6 20. Nc3 Nc4 21. Qe2 Qd7
22. Bc1 Rf6 23. Qd3 Rcf8 24. Ne2 Qf7 25. Qc2 Kg8 26. Rd3 g5 27. h3 Qg6 28. Qd1
g4 29. hxg4 Qxg4 30. Nh2 Qh5 31. Rh3 Qf7 32. Ng4 Rg6 33. Nxh6+ Bxh6 34. Rxh6
Kg7 35. Rxg6+ Qxg6 36. Nf4 Qf5 37. Re1 e5 38. dxe5 N6xe5 39. Qxd5 Rf7 40. Qd1
Rd7 41. Qe2 Re7 42. Be3 Kf7 43. Rd1 b5 44. Nd5 Rd7 45. Nc3 Rxd1+ 46. Nxd1 Qb1
47. Bd4 Nd3 48. Kh2 Nf4 49. Qf3 Ke6 50. Nc3 Qh7+ 51. Kg1 Qf5 52. g3 Nd3 53.
Qxf5+ Kxf5 54. Bxa7 b4 55. axb4 Nxb4 56. Nd1 Ke4 57. Kg2 Nd3 58. Bb8 Ne1+ 59.
Kf1 Nf3 60. Bf4 Kd3 61. Bh6 Nd6 62. Ne3 Ne4 63. Bg7 Nfd2+ 64. Kg2 Ke2 65. Ng4
Nf3 66. Ne5 Ne1+ 67. Kg1 Nxf2 68. b4 Ne4 69. b5 Nc5 1-0